Statistics for State Quiz - Wisconsin

Click here to take the quiz!

General Stats

  • This quiz has been taken 8,272 times
    (623 since last reset)
  • The average score is 15 of 20

Answer Stats

Question Answer % Correct
Biggest lakes within or bordering WisconsinMichigan
97%
Most populous cityMilwaukee
94%
Biggest lakes within or bordering WisconsinSuperior
94%
Capital cityMadison
93%
40.5% of Wisconsinites trace their ancestry to this countryGermany
93%
Smallest city that is home to an NFL teamGreen Bay
92%
TV show with the FonzHappy Days
86%
What did Schiltz, Pabst, and Blatz make?Beer
85%
Wisconsin hosts the world championship race for these winter vehiclesSnowmobiles
81%
License plate sloganAmerica's {Dairy}land
79%
Main export of Wisconsin during the early days of French controlFur
79%
Objects appearing on Wisconsin's state quarterCow
76%
State animalBadger
76%
City whose name is French for "clear water"Eau Claire
76%
Objects appearing on Wisconsin's state quarterCheese
76%
Wisconsinite voted "the greatest American architect of all time" in 1991Frank Lloyd Wright
73%
Objects appearing on Wisconsin's state quarterCorn
50%
County in Wisconsin's thumbDoor County
41%
Biggest lakes within or bordering WisconsinWinnebago
35%
State motto of WisconsinForward
33%

Score Distribution

Percentile by Number Answered

Percent of People with Each Score

Your Score History

You have not taken this quiz since the last reset